Digital Youth, Innovation, and the Unexpected (Record no. 61893)
[ view plain ]
| 000 -LEADER | |
|---|---|
| fixed length control field | 02007nam a2200193Ii 4500 |
| 008 - FIXED-LENGTH DATA ELEMENTS--GENERAL INFORMATION | |
| fixed length control field | 221202s xx 000 0 und d |
| 245 #0 - TITLE STATEMENT | |
| Title | Digital Youth, Innovation, and the Unexpected |
| 264 #1 - PRODUCTION, PUBLICATION, DISTRIBUTION, MANUFACTURE, AND COPYRIGHT NOTICE | |
| Place of production, publication, distribution, manufacture | Cambridge |
| Name of producer, publisher, distributor, manufacturer | The MIT Press |
| Date of production, publication, distribution, manufacture, or copyright notice | 2007 |
| 300 ## - PHYSICAL DESCRIPTION | |
| Extent | 1 online resource (269 pages) |
| 336 ## - CONTENT TYPE | |
| Content type term | text |
| Content type code | txt |
| Source | rdacontent |
| 337 ## - MEDIA TYPE | |
| Media type term | computer |
| Media type code | c |
| Source | rdamedia |
| 338 ## - CARRIER TYPE | |
| Carrier type term | online resource |
| Carrier type code | cr |
| Source | rdacarrier |
| 520 ## - SUMMARY, ETC. | |
| Summary, etc. | How emergent practices and developments in young people's digital media can result in technological innovation or lead to unintended learning experiences and unanticipated social encounters.Young people's use of digital media may result in various innovations and unexpected outcomes, from the use of videogame technologies to create films to the effect of home digital media on family life. This volume examines the core issues that arise when digital media use results in unintended learning experiences and unanticipated social encounters. The contributors examine the complex mix of emergent practices and developments online and elsewhere that empower young users to function as drivers of technological change, recognizing that these new technologies are embedded in larger social systems, school, family, friends. The chapters consider such topics as (un)equal access across economic, racial, and ethnic lines; media panics and social anxieties; policy and Internet protocols; media literacy; citizenship vs. consumption; creativity and collaboration; digital media and gender equity; shifting notions of temporality; and defining the public/private divide. ContributorsSteve Anderson, Anne Balsamo, Justine Cassell, Meg Cramer, Robert A. Heverly, Paula K Hooper, Sonia Livingstone, Henry Lowood, Robert Samuels, Christian Sandvig, Ellen Seiter, Sarita Yardi |
| 653 ## - INDEX TERM--UNCONTROLLED | |
| Uncontrolled term | Digital Media |
| 653 ## - INDEX TERM--UNCONTROLLED | |
| Uncontrolled term | Youth |
| 700 1# - ADDED ENTRY--PERSONAL NAME | |
| Personal name | McPherson, Tara |
| 856 ## - ELECTRONIC LOCATION AND ACCESS | |
| Uniform Resource Identifier | <a href="https://library.oapen.org/bitstream/20.500.12657/26087/1/1003999.pdfhttp://library.oapen.org/handle/20.500.12657/26087">https://library.oapen.org/bitstream/20.500.12657/26087/1/1003999.pdfhttp://library.oapen.org/handle/20.500.12657/26087</a> |
| 942 ## - ADDED ENTRY ELEMENTS (KOHA) | |
| Koha item type | E-Book |
| Withdrawn status | Damaged status | Not for loan | Home library | Current library | Date acquired | Total Checkouts | Date last seen | Price effective from | Koha item type |
|---|---|---|---|---|---|---|---|---|---|
| Directory of Open Access Books | Directory of Open Access Books | 11/28/2022 | 11/28/2022 | 11/28/2022 | E-Book |